Hindustani shastriya sangeet mein tantra-vadan shailiyan (Record no. 24985)
[ view plain ]
| 000 -LEADER | |
|---|---|
| fixed length control field | 00492nam a2200169Ia 4500 |
| 008 - FIXED-LENGTH DATA ELEMENTS--GENERAL INFORMATION | |
| fixed length control field | 230917s9999||||xx |||||||||||||| ||und|| |
| 020 ## - ISBN | |
| Price | RS650 |
| 040 ## - CATALOGING SOURCE | |
| -- | 243931 |
| Original cataloging agency | VIVEKANANDA LIBRARY |
| 041 ## - Language | |
| -- | English |
| 082 ## - DDC NUMBER | |
| Classification number | 785.0954 B469H |
| 100 ## - MAIN ENTRY--PERSONAL NAME | |
| Personal name | Bhriguvanshi, Rachana |
| 245 #0 - TITLE STATEMENT | |
| Title | Hindustani shastriya sangeet mein tantra-vadan shailiyan |
| 260 ## - PUBLICATION, DISTRIBUTION, ETC. (IMPRINT) | |
| Place of publication, distribution, etc | New Delhi |
| Name of publisher, distributor, etc | Kanishika Publishers |
| Date of publication, distribution, etc | 2014 |
| 300 ## - PHYSICAL DESCRIPTION | |
| Pages | xvi, 237 p. |
| 500 ## - GENERAL NOTE | |
| General note | 2973 12/12/2017 HBD18/7114 12/12/2017 Main Budget |
| 942 ## - ADDED ENTRY ELEMENTS (KOHA) | |
| Koha item type | Books |
| Withdrawn status | Lost status | Damaged status | Not for loan | Location (home branch) | Sublocation or collection (holding branch) | Date acquired | Koha issues (times borrowed) | Koha full call number | Accession No. | Koha date last seen | Koha item type |
|---|---|---|---|---|---|---|---|---|---|---|---|
| VIVEKANANDA LIBRARY | VIVEKANANDA LIBRARY | 07/02/2018 | 785.0954 B469H | 368158 | 17/09/2023 | Books | |||||
| VIVEKANANDA LIBRARY | VIVEKANANDA LIBRARY | 07/02/2018 | 1 | 785.0954 B469H | 368159 | 31/10/2023 | Books | ||||
| VIVEKANANDA LIBRARY | VIVEKANANDA LIBRARY | 07/02/2018 | 1 | 785.0954 B469H | 368160 | 03/05/2024 | Books | ||||
| VIVEKANANDA LIBRARY | VIVEKANANDA LIBRARY | 07/02/2018 | 785.0954 B469H | 368161 | 17/09/2023 | Books | |||||
| VIVEKANANDA LIBRARY | VIVEKANANDA LIBRARY | 07/02/2018 | 785.0954 B469H | 368162 | 17/09/2023 | Books |
